Rural Housing Programs : FY1999 Appropriations and Amendments.

Reviews FY99 appropriations legislation authorizing funding for rural housing programs and a new rural housing office in HUD.

Bibliographic Details
Corporate Authors: Library of Congress. Congressional Research Service, ProQuest (Firm)
Format: eBook
Language:English
Published: [Place of publication not identified] : [publisher not identified], 1998.
Series:U.S. Congressional Research.
Subjects:
Online Access:Connect to the full text of this electronic book

MARC

Tag First Indicator Second Indicator Subfields
LEADER 00000cam a22000001a 4500
001 in00003368310
006 m d f
007 cr bn mmmapmmp
008 100717s1998 dcu o f000 0 eng d
005 20260430212951.8
035 |a cis2007892446 
040 |a ProQuest  |c ProQuest  |d UtOrBLW 
043 |a n-us--- 
099 |a CRS-1998-ECN-0186 
110 2 |a Library of Congress.  |b Congressional Research Service. 
245 1 0 |a Rural Housing Programs :  |b FY1999 Appropriations and Amendments. 
264 1 |a [Place of publication not identified] :  |b [publisher not identified],  |c 1998. 
300 |a 1 online resource. 
336 |a text  |b txt  |2 rdacontent 
337 |a computer  |b c  |2 rdamedia 
338 |a online resource  |b cr  |2 rdacarrier 
500 |a Record is based on bibliographic data in ProQuest U.S. Congressional Research Digital Collection (last viewed July 2010). Reuse except for individual research requires license from ProQuest, LLC. 
500 |a CRS Report. 
520 |a Reviews FY99 appropriations legislation authorizing funding for rural housing programs and a new rural housing office in HUD. 
500 |a Electronic resource. 
650 0 |a Federal aid to housing. 
650 0 |a Housing, Rural. 
655 7 |a Electronic books.  |2 local 
710 2 |a ProQuest (Firm) 
776 0 8 |i Microfiche version:   |a Library of Congress. Congressional Research Service.  |t Rural Housing Programs 
830 0 |a U.S. Congressional Research. 
856 4 0 |u http://proxy.library.tamu.edu/login?url=https://congressional.proquest.com/congcomp/getdoc?CRDC-ID=CRS-1998-ECN-0186  |z Connect to the full text of this electronic book  |t 0 
999 |a MARS 
999 f f |s 247b1fda-2825-36ea-a8bc-bccfd03fdf61  |i c172b4c8-6ca0-33d9-87d3-54000a424e1a  |t 0 
952 f f |a Texas A&M University  |b College Station  |c Electronic Resources  |s www_evans  |d Available Online  |t 0  |e CRS-1998-ECN-0186  |h Other scheme 
998 f f |a CRS-1998-ECN-0186  |t 0  |l Available Online